[Event "FRA-ch opB"]
[Site "Val d'Isere"]
[Date "2004.08.??"]
[Round "4"]
[White "Forest, Eric"]
[Black "Le Roch, Daniel"]
[Result "1-0"]
[WhiteElo "1700"]
[BlackElo "1965"]
[PlyCount "117"]
[EventDate "2004.08.16"]
[EventType "swiss"]
[EventRounds "9"]
[EventCountry "FRA"]
[SourceTitle "EXT 2005"]
[Source "ChessBase"]
[SourceDate "2004.11.15"]
[SourceVersion "1"]
[SourceVersionDate "2004.11.15"]
[SourceQuality "1"]

1. e4 e5 2. Nf3 Nc6 3. Bc4 Nf6 4. d3 Bc5 5. 0-0 d6 6. Nc3 Bg4 7. h3 Bh5 8. Bg5 h6 9. Be3 Nd4 10. g4 Bg6 11. Nd5 c6 12. Nxf6+ Qxf6 13. Nxd4 exd4 14. Bd2 Qh4 15. Kg2 a5 16. a3 b5 17. Bb3 Bb6 18. Bf4 Kd7 19. Bg3 Qe7 20. Qd2 h5 21. g5 f6 22. f4 h4 23. Bh2 f5 24. Rae1 fxe4 25. dxe4 Bxe4+ 26. Rf3 Bxf3+ 27. Kxf3 Qf8 28. Be6+ Kc7 29. f5 Kb7 30. Qf4 d5 31. g6 Qd8 32. Qe5 Qf8 33. Kg4 Ka6 34. Qd6 Qxd6 35. Bxd6 Bd8 36. Be5 Bf6 37. Bxf6 gxf6 38. Bf7 b4 39. a4 b3 40. cxb3 Rhb8 41. Re6 Rxb3 42. Rxf6 Kb7 43. Re6 Rxb2 44. f6 d3 45. Re1 Re2 46. Rd1 d2 47. g7 Kb6 48. Kh5 c5 49. Kh6 Rf2 50. g8Q Rxf6+ 51. Kg5 Rxg8+ 52. Bxg8 Rf2 53. Bxd5 Kc7 54. Kxh4 Kd6 55. Kg3 Re2 56. Bf3 Re3 57. Rxd2+ Ke5 58. Rd5+ Ke6 59. Rxc5 1-0

[Event "FRA-ch opB"]
[Site "Val d'Isere"]
[Date "2004.08.??"]
[Round "9"]
[White "Forest, Eric"]
[Black "Meaudre, Flora"]
[Result "0-1"]
[WhiteElo "1700"]
[BlackElo "1800"]
[PlyCount "40"]
[EventDate "2004.08.16"]
[EventType "swiss"]
[EventRounds "9"]
[EventCountry "FRA"]
[SourceTitle "EXT 2005"]
[Source "ChessBase"]
[SourceDate "2004.11.15"]
[SourceVersion "1"]
[SourceVersionDate "2004.11.15"]
[SourceQuality "1"]

1. c4 e5 2. Nc3 Nc6 3. g3 Nf6 4. Bg2 Bc5 5. e3 0-0 6. Nge2 d6 7. a3 a5 8. 0-0 Rb8 9. Qa4 Bd7 10. Nb5 d5 11. cxd5 Na7 12. Nec3 Nxb5 13. Nxb5 Qe8 14. Qc4 Bxb5 15. Qxc5 Bxf1 16. Kxf1 Qa4 17. Bf3 e4 18. Be2 Rfc8 19. Qc3 Nxd5 20. Qe5 Nf6 0-1